[Event "Titled Tuesday intern op 06th Feb Early"]
[Site "Chess.com INT"]
[Date "2024.02.06"]
[Round "6"]
[White "Szpar, Milosz"]
[Black "Deac, Bogdan Daniel"]
[Result "1/2-1/2"]
[WhiteElo "2495"]
[BlackElo "2690"]
[PlyCount "165"]
[EventDate "2024.02.06"]
[EventType "swiss (blitz)"]
[EventRounds "11"]
[EventCountry "USA"]
[SourceTitle "CB07_2024"]
[SourceDate "2024.02.14"]
[SourceVersion "1"]
[SourceVersionDate "2024.02.14"]
[SourceQuality "1"]

1. Nf3 d5 2. d4 Nf6 3. c4 e6 4. g3 dxc4 5. Bg2 a6 6. Ne5 Bb4+ 7. Nc3 Nd5 8. Bd2 Nb6 9. Bc1 N8d7 10. Nxd7 Qxd7 11. 0-0 0-0 12. e4 Qe7 13. Be3 e5 14. a3 exd4 15. Qxd4 Bxc3 16. Qxc3 Be6 17. a4 Rad8 18. a5 Rd3 19. Qc2 Nd7 20. Rfe1 Ne5 21. h3 f6 22. Ra4 Rfd8 23. Kh2 Bd7 24. Rxc4 Nxc4 25. Qxd3 Bb5 26. Qb3 Qf7 27. Qc3 Nxe3 28. Rxe3 Qc4 29. e5 Qxc3 30. Rxc3 fxe5 31. Bxb7 Rd2 32. Kg2 Rxb2 33. Rxc7 Kf8 34. Rc8+ Ke7 35. Ra8 Ra2 36. Ra7 Kf6 37. Bd5 Rxa5 38. Rf7+ Kg6 39. Kh2 h6 40. Rf8 Bd7 41. Be4+ Kg5 42. h4+ Kh5 43. Bf3+ Kg6 44. Be4+ Kh5 45. Bf3+ Bg4 46. Rf5+ g5 47. Bxg4+ Kxg4 48. Rf6 gxh4 49. f3+ Kg5 50. Rf8 hxg3+ 51. Kxg3 h5 52. Rg8+ Kf5 53. Rf8+ Kg6 54. Rg8+ Kf6 55. Rh8 Kg6 56. Rg8+ Kh7 57. Rg5 Kh6 58. Rf5 Kg6 59. Rf8 Rb5 60. Rg8+ Kh7 61. Ra8 a5 62. Ra7+ Kg6 63. Ra8 Kf5 64. Rh8 Ke6 65. Rxh5 Kd6 66. Kg4 Rb4+ 67. Kg3 a4 68. Rh8 Kc5 69. Ra8 Kc4 70. Kg4 Kb3+ 71. Kf5 a3 72. Kxe5 a2 73. Rxa2 Kxa2 74. f4 Kb3 75. f5 Kc4 76. f6 Rb7 77. Ke6 Rb6+ 78. Ke7 Kd5 79. f7 Rb7+ 80. Kf6 Rb8 81. Kg7 Rb7 82. Kg8 Rxf7 83. Kxf7 1/2-1/2

[Event "Titled Tuesday intern op 06th Feb Early"]
[Site "Chess.com INT"]
[Date "2024.02.06"]
[Round "4"]
[White "Szpar, Milosz"]
[Black "Erigaisi, Arjun Kumar"]
[Result "0-1"]
[WhiteElo "2495"]
[BlackElo "2738"]
[PlyCount "98"]
[EventDate "2024.02.06"]
[EventType "swiss (blitz)"]
[EventRounds "11"]
[EventCountry "USA"]
[SourceTitle "CB07_2024"]
[SourceDate "2024.02.14"]
[SourceVersion "1"]
[SourceVersionDate "2024.02.14"]
[SourceQuality "1"]

1. Nf3 d6 2. d4 g6 3. e4 Bg7 4. c3 Nc6 5. Bb5 a6 6. Ba4 b5 7. Bb3 Nf6 8. 0-0 0-0 9. Re1 Bb7 10. Bg5 h6 11. Bh4 g5 12. Bg3 Nh5 13. Nbd2 e6 14. d5 exd5 15. Bxd5 Nxg3 16. hxg3 Qc8 17. Qc2 Ne7 18. Bxb7 Qxb7 19. e5 d5 20. Nd4 c5 21. Nf5 Nxf5 22. Qxf5 Qc8 23. g4 Re8 24. Nf3 Qxf5 25. gxf5 g4 26. Nh2 h5 27. f4 a5 28. Nf1 Bh6 29. g3 Red8 30. f6 h4 31. Kf2 d4 32. gxh4 Bxf4 33. Re4 Bh6 34. Rxg4+ Kh7 35. cxd4 cxd4 36. Ng3 Rac8 37. Nf5 Rc2+ 38. Kf3 d3 39. Rd4 Rxd4 40. Nxd4 Rxb2 41. Rd1 d2 42. a3 b4 43. axb4 Rxb4 44. Ke4 a4 45. Kd5 a3 46. e6 fxe6+ 47. Nxe6 a2 48. f7 Rb1 49. Rxd2 a1Q 0-1

[Event "Titled Tuesday intern op 06th Feb Early"]
[Site "Chess.com INT"]
[Date "2024.02.06"]
[Round "8"]
[White "Szpar, Milosz"]
[Black "Teterev, Vitaly"]
[Result "1-0"]
[WhiteElo "2495"]
[BlackElo "2257"]
[PlyCount "75"]
[EventDate "2024.02.06"]
[EventType "swiss (blitz)"]
[EventRounds "11"]
[EventCountry "USA"]
[SourceTitle "CB07_2024"]
[SourceDate "2024.02.14"]
[SourceVersion "1"]
[SourceVersionDate "2024.02.14"]
[SourceQuality "1"]

1. e4 c5 2. Nf3 e6 3. d4 cxd4 4. Nxd4 a6 5. c4 Qc7 6. Nc3 Nf6 7. a3 b6 8. Be3 Bb7 9. f3 d6 10. Qd2 Nbd7 11. Be2 Be7 12. 0-0 0-0 13. b4 Rfc8 14. Rfc1 Qd8 15. Kh1 Rc7 16. Na4 Rb8 17. Nb3 Bc6 18. Nc3 Ba8 19. Rc2 Ne5 20. Na4 Nfd7 21. Rac1 Rcc8 22. Bf1 Bc6 23. Nb2 Ba8 24. a4 Nf6 25. a5 bxa5 26. Nxa5 d5 27. cxd5 Rxc2 28. Qxc2 exd5 29. Bf4 Nfd7 30. exd5 Bxd5 31. Rd1 Rc8 32. Qd2 Be6 33. Bxa6 Rb8 34. Nd3 Bxb4 35. Nxb4 Qxa5 36. Bxe5 Nxe5 37. Qd6 Qxb4 38. Qxb4 1-0

[Event "Titled Tuesday intern op 06th Feb Early"]
[Site "Chess.com INT"]
[Date "2024.02.06"]
[Round "10"]
[White "Timerkhanov, Alexander"]
[Black "Szpar, Milosz"]
[Result "1/2-1/2"]
[WhiteElo "2308"]
[BlackElo "2495"]
[PlyCount "130"]
[EventDate "2024.02.06"]
[EventType "swiss (blitz)"]
[EventRounds "11"]
[EventCountry "USA"]
[SourceTitle "CB07_2024"]
[SourceDate "2024.02.14"]
[SourceVersion "1"]
[SourceVersionDate "2024.02.14"]
[SourceQuality "1"]

1. d4 d5 2. Nf3 Nf6 3. g3 c5 4. Bg2 cxd4 5. Nxd4 e5 6. Nb3 h6 7. 0-0 Nc6 8. Nc3 Be6 9. f4 exf4 10. Bxf4 Be7 11. e4 dxe4 12. Qxd8+ Rxd8 13. Nxe4 0-0 14. Nec5 Bc8 15. Rfe1 Nd5 16. Bd2 Bf6 17. c3 h5 18. Rad1 h4 19. Bc1 Nb6 20. Bf4 hxg3 21. hxg3 Nc4 22. Rxd8 Rxd8 23. Re2 Rd1+ 24. Kh2 N6e5 25. Bxb7 Bg4 26. Rf2 g5 27. Ne4 gxf4 28. Nxf6+ Kg7 29. gxf4 Kxf6 30. fxe5+ Kxe5 31. Rxf7 Nxb2 32. Kg3 Be6 33. Rf2 Nd3 34. Re2+ Kf6 35. Nd4 Bc4 36. Re3 Rg1+ 37. Kh2 Rg7 38. Be4 Nf4 39. Nf3 Rg8 40. Nd4 Rh8+ 41. Kg3 Nh5+ 42. Kf2 Kg5 43. Bf3 Nf4 44. Re5+ Kg6 45. Ra5 Nd3+ 46. Ke3 Re8+ 47. Be4+ Kf6 48. Kf3 Ne5+ 49. Kf4 a6 50. Bd5 Nd3+ 51. Kg3 Re3+ 52. Kg4 Ne5+ 53. Kf4 Rxc3 54. Bxc4 Nxc4 55. Rxa6+ Ke7 56. Nc6+ Kd7 57. Ne5+ Nxe5 58. Kxe5 Kc7 59. Kd5 Kb7 60. Ra4 Rc8 61. Kd4 Kb6 62. Kd3 Kb5 63. Rd4 Ra8 64. a4+ Rxa4 65. Rxa4 Kxa4 1/2-1/2

[Event "Seville op 49th"]
[Site "Seville"]
[Date "2024.01.16"]
[Round "5"]
[White "Szpar, Milosz"]
[Black "Collins, Adam"]
[Result "1-0"]
[WhiteElo "2491"]
[BlackElo "2192"]
[PlyCount "75"]
[EventDate "2024.01.12"]
[EventType "swiss"]
[EventRounds "9"]
[EventCountry "ESP"]
[SourceTitle "CB04_2024"]
[SourceDate "2023.10.16"]
[SourceVersion "1"]
[SourceVersionDate "2023.10.16"]
[SourceQuality "1"]

1. e4 c5 2. c3 Nf6 3. e5 Nd5 4. Nf3 d6 5. Bb5+ Bd7 6. Bc4 Bc6 7. 0-0 e6 8. Re1 Be7 9. exd6 Qxd6 10. d4 cxd4 11. Nxd4 0-0 12. Nd2 Nb6 13. Bd3 N8d7 14. Qh5 Nf6 15. Qh3 Rfd8 16. Bc2 Rac8 17. Nxc6 Qxc6 18. Nf3 Rd5 19. Bg5 Nbd7 20. Bb3 Rd3 21. Bxf6 Bxf6 22. Bc2 Rd6 23. Qxh7+ Kf8 24. Rad1 Ke7 25. Rxd6 Qxd6 26. Ba4 Nc5 27. Nh4 Bxh4 28. Qxh4+ f6 29. Rd1 Qa6 30. Bc2 Qxa2 31. Qh7 e5 32. Qxg7+ Qf7 33. Qh6 Rd8 34. Rxd8 Kxd8 35. h4 Nd7 36. h5 Qa2 37. Bf5 Qf7 38. Qd2 1-0

[Event "Seville op 49th"]
[Site "Seville"]
[Date "2024.01.13"]
[Round "2"]
[White "Van Hoolandt, Patrick"]
[Black "Szpar, Milosz"]
[Result "0-1"]
[WhiteElo "2028"]
[BlackElo "2491"]
[PlyCount "62"]
[EventDate "2024.01.12"]
[EventType "swiss"]
[EventRounds "9"]
[EventCountry "ESP"]
[SourceTitle "CB04_2024"]
[SourceDate "2023.10.16"]
[SourceVersion "1"]
[SourceVersionDate "2023.10.16"]
[SourceQuality "1"]

1. d4 d5 2. c4 e6 3. Nc3 Nf6 4. cxd5 exd5 5. Bg5 c6 6. e3 h6 7. Bh4 Be6 8. Bd3 Nbd7 9. Nf3 Bd6 10. Qc2 Qc7 11. Bg3 Bxg3 12. hxg3 Qd6 13. a3 Ng4 14. Ne2 Ndf6 15. Nf4 0-0 16. Rc1 Rae8 17. 0-0 Bd7 18. Nd2 h5 19. Nf3 Ne4 20. Bxe4 dxe4 21. Nd2 Qh6 22. Rfe1 h4 23. Nf1 g5 24. Nh3 b6 25. d5 cxd5 26. Qc7 Ne5 27. Nxg5 Qxg5 28. Red1 h3 29. gxh3 Bxh3 30. Nh2 Qh5 31. Kh1 Bg4 0-1

[Event "Titled Tuesday intern op 09th Jan Early"]
[Site "Chess.com INT"]
[Date "2024.01.09"]
[Round "1"]
[White "Balla, Tamas Kristof"]
[Black "Szpar, Milosz"]
[Result "0-1"]
[WhiteElo "2283"]
[BlackElo "2491"]
[PlyCount "54"]
[EventDate "2024.01.09"]
[EventType "swiss (blitz)"]
[EventRounds "11"]
[EventCountry "USA"]
[SourceTitle "CB03_2024"]
[SourceDate "2024.01.17"]
[SourceVersion "1"]
[SourceVersionDate "2024.01.17"]
[SourceQuality "1"]

1. e4 c5 2. c3 e6 3. d4 d5 4. exd5 exd5 5. Nf3 Nc6 6. Bb5 Nf6 7. 0-0 Bd6 8. dxc5 Bxc5 9. Nbd2 0-0 10. Nb3 Bb6 11. Nbd4 Bd7 12. Bd3 h6 13. h3 Ne4 14. Bf4 Qf6 15. Be3 Rfe8 16. Bc2 Rad8 17. Re1 Bc7 18. Nxc6 bxc6 19. Bd4 Qd6 20. Qd3 Bf5 21. Qa6 Ng5 22. Rxe8+ Rxe8 23. Ne5 Bxc2 24. f4 Ne6 25. Qxa7 Nxf4 26. Nf3 Nxh3+ 27. Kf1 Bd3# 0-1